000 00783nmm a2200253 a 4500
003 AR-BaBNM
005 20251128211334.0
008 284020s2002 ||||||||||||||000 | spa||
020 _a950-531-185-0
040 _cAR-BaBNM
100 1 _aGuinguis, Hugo
245 1 0 _aActividades con padres en el jardín de infantes
_bclases abiertas de educación física, actos escolares, día de la familia
260 _aBuenos Aires
_bStadium
_c2002
300 _a128 p.
_bil., cuadros
504 _aContiene referencias bibliográficas en p. 126
650 4 _aEDUCACION FISICA
650 4 _aRELACION ESCUELA-ALUMNOS
650 4 _aRELACION FAMILIA-ESCUELA
650 4 _aJUEGOS EDUCATIVOS
650 4 _aGIMNASIA
653 _aJARDINES DE INFANTES
942 _cBK
998 _cEugenia
999 _c19235
_d19235